| 000 | 00624nam a2200241 a 4500 | ||
|---|---|---|---|
| 001 | nice12345678 | ||
| 003 | IN_TiNIC | ||
| 005 | 20260116011433.0 | ||
| 008 | 050524s0000 egya grp 000 0 ara | ||
| 020 |
_a _c100 |
||
| 082 | 0 | 0 |
_a181.07 _bGHA2 |
| 100 | _aGhazali, Al | ||
| 245 | _aMaqasidul Falasifa Li Hujjatul Islam | ||
| 260 |
_aEgyptn _bSaadat Press _c0000 |
||
| 300 | _a328p | ||
| 500 | _aincludes index and biblioraphy | ||
| 505 | 2 | _a12 Volumes in Bounded in Six Volumes | |
| 650 | _aPhilosophy-Islamic-Al-Jawini | ||
| 650 | _aAl-Ghazali-Philosophy | ||
| 902 | _bSRS | ||
| 942 | _cBK | ||
| 999 |
_c1526 _d1526 |
||